Elaboración de la documentación para la planificación, implementación y verificación de un sistema de gestión ambiental en cumplimiento con la norma ISO 14001:2004 en un planta de fabricación de cemento
Guardat en:
| Autor principal: | |
|---|---|
| Format: | Llibre |
| Idioma: | Spanish |
| Publicat: |
San José, Costa Rica
2015
|
| Matèries: | |
| Etiquetes: |
Afegir etiqueta
Sense etiquetes, Sigues el primer a etiquetar aquest registre!
|
MARC
| LEADER | 00000nam a22000007a 4500 | ||
|---|---|---|---|
| 003 | 012244 | ||
| 005 | 20221231143912.0 | ||
| 008 | 150904b2015 cr a|||| |||| 00| 0 spa d | ||
| 040 | |c cru CEDI | ||
| 090 | |a TFG 7409 | ||
| 100 | |a Bolaños Alvarado, José Andrés |9 1098 | ||
| 245 | |a Elaboración de la documentación para la planificación, implementación y verificación de un sistema de gestión ambiental en cumplimiento con la norma ISO 14001:2004 en un planta de fabricación de cemento | ||
| 260 | |a San José, Costa Rica |c 2015 | ||
| 500 | |a Proyecto de graduación (licenciatura en ingeniería química)--Universidad de Costa Rica. Facultad de Ingeniería. Escuela de Ingeniería Química | ||
| 650 | |x GESTION AMBIENTAL |x AUDITORIA AMBIENTAL |x ISO 14001 |x HORMIGON |x FABRICACION |9 1099 | ||
| 942 | |c TFG | ||
| 999 | |c 13973 |d 13973 | ||
